Countries whose capital city means +33% of the total population - Statistics

General Stats
  • This quiz has been taken 17 times
  • The average score is 9 of 18
Answer Stats
% Country % Correct
100% Monaco
100%
100% Singapore
94%
100% Vatican City
94%
44.1% Qatar
75%
36% Iceland
63%
70,3% Kuwait
63%
67,3% Bahamas
56%
39,1% Barbados
56%
38,5% Uruguay
56%
54.6% Djibouti
44%
39.3% Suriname
44%
56.4% Tuvalu
44%
36,4% Jordan
38%
66,1% Marshall Islands
31%
43.8% Mongolia
31%
39,3% Armenia
19%
54.7% Kiribati
13%
100% Hong Kong
0%
No matching quizzes found
Score Distribution
Percent of People with Each Score
Percentile by Number Answered
Your Score History
You have not taken this quiz